QCM : Score de la France à la Coupe du Monde 2018 - Statistiques

Statistiques générales
  • Ce quiz a été pris 248 fois
  • Le résultat moyen est 6 sur 7
Statistiques - réponses
Question Réponse % Correct
Croatie - France 2-4
100%
Uruguay - France 0-2
93%
France - Belgique 1-0
93%
France - Argentine 4-3
93%
Australie - France 1-2
87%
France - Pérou 1-0
80%
France - Danemark 0-0
73%
Aucun quiz correspondant
Distribution des résultats
% des personnes avec chaque résultat
Percentile par nombre de réponses
Votre historique - résultats
Vous n’avez pas pris ce quiz